000 00613nam a2200229Ia 4500
003 OSt
005 20221007063158.0
006 a|||||r|||| 00| 0
007 ta
008 221006b |||||||| |||| 00| 0 eng d
024 _a6,711
037 _cTextual
040 _aFLL
_cFLL
_beng
041 _2eng
_aeng
082 _aX:321:Z2, N0
100 _aSaraf D.N. Au.
_9683526
245 0 _aLaw of consumer protection in India
260 _aBombay
_bN.M.Tripathi INdia
_c1990
300 _axviii,259p
_ccm.
942 _hX:321:Z2, N0
_cTEXL
_2CC
999 _c1130606
_d1130606